00886nam a2200217 a 450000100100000000500170001000800410002702000150006804000250008310000410010824500710014926001000022030000210032049000430034150400290038450000210041371000610043483000510049595201050054699900170065100003938820201002031627.0130625s1998 dr 000 0 spa d a8400077539 aDO-SdBNPbspacBNPHU1 aRodríguez Somolinos, Helena96559713aEl léxico de los poetas lesbios /cHelena Rodríguez Somolinos. aMadrid :bInstituto de FilosologíabConsejo Superior de Investigación Científicas,c1998. a381 p. ;c24 cm.1 aDiccionario griego-españolaAnjosv4 aBibliografía : 314-338 aIncluye índice2 aConsejo Superior de Investigación Científicas963831 0aDiccionario griego-españolaAnejosv4965598 0010718PDaGRbGRcCTd2013-06-25iLF1l0o p39388-10r2020-06-25w2020-06-25yLFPDZNo se presta c38878d38878